Protocolo de inspección de la obra electromecánica para viviendas entre 80 m2 y 200 m2
محفوظ في:
| المؤلف الرئيسي: | |
|---|---|
| مؤلفون آخرون: | |
| التنسيق: | كتاب |
| اللغة: | Spanish |
| منشور في: |
[San José], Costa Rica
2021.
|
| الموضوعات: | |
| الوصول للمادة أونلاين: | https://cedi.ucr.ac.cr/civil/protocolo-de-inspeccion-de-la-obra-electromecanica-para-viviendas-entre80-%f0%9d%92%8e%f0%9d%9f%90-y-200-%f0%9d%92%8e%f0%9d%9f%90/ |
| الوسوم: |
إضافة وسم
لا توجد وسوم, كن أول من يضع وسما على هذه التسجيلة!
|
MARC
| LEADER | 00000nam a2200000Ia 4500 | ||
|---|---|---|---|
| 003 | 013406 | ||
| 005 | 20230502152537.0 | ||
| 008 | 140114s2021 cr a 000 ||spa d | ||
| 040 | |c cru CEDI | ||
| 100 | |a Barboza Conejo, Marianela,1996- |9 154 | ||
| 245 | |a Protocolo de inspección de la obra electromecánica para viviendas entre 80 m2 y 200 m2 | ||
| 260 | |a [San José], Costa Rica |c 2021. | ||
| 500 | |a Proyecto de graduación (licenciatura en ingeniería civil)--Universidad de Costa Rica. Facultad de Ingeniería. Escuela de Ingeniería | ||
| 501 | |a Director de Proyecto de Graduación: Ing. Allan Rojas Ramírez | ||
| 650 | |x SISTEMAS ELECTRONICOS |x ELECTRICIDAD - DISPOSITIVOS DE DISTRIBUCION |x VIVIENDA |x DISPOSITIVOS ELECTROMECANICOS | ||
| 700 | |9 129 |a Rojas Ramírez, Allan |d Director del TFG | ||
| 856 | |u https://cedi.ucr.ac.cr/civil/protocolo-de-inspeccion-de-la-obra-electromecanica-para-viviendas-entre80-%f0%9d%92%8e%f0%9d%9f%90-y-200-%f0%9d%92%8e%f0%9d%9f%90/ |y https://cedi.ucr.ac.cr/civil/protocolo-de-inspeccion-de-la-obra-electromecanica-para-viviendas-entre80-%f0%9d%92%8e%f0%9d%9f%90-y-200-%f0%9d%92%8e%f0%9d%9f%90/ | ||
| 942 | |c CEDI |h TFG 8557 |2 ddc |6 TFG_8557_000000000000000 | ||
| 999 | |c 21908 |d 21908 | ||
